| 000 | 02446cam a2200337 a 4500 | ||
|---|---|---|---|
| 001 | 14420642 | ||
| 005 | 20091014093757.0 | ||
| 008 | 060620s2007 nyu b 001 0 eng | ||
| 010 | _a 2006020390 | ||
| 020 | _a9780415543590 (alk. paper) | ||
| 040 |
_aDLC _cDLC _dDLC |
||
| 043 | _ae------ | ||
| 050 | 0 | 0 |
_aJN30 _b.S76 2007 |
| 082 | 0 | 0 |
_a341.2422 _222 _bSTE |
| 100 | 1 |
_aStetter, Stephan, _d1972- _911720 |
|
| 245 | 1 | 0 |
_aEU foreign and interior policies : _bcross-pillar politics and the social construction of sovereignty / _cStephan Stetter. |
| 260 |
_aNew York : _bRoutledge, _cc.2007. |
||
| 300 |
_axxi, 238 p. ; _c24 cm. |
||
| 490 | 0 |
_aRoutledge advances in European politics ; _v43 |
|
| 500 | _aIncludes Index. | ||
| 504 | _aIncludes bibliographical references (p. [209]-233) and index. | ||
| 505 | 0 | _aTheoretical framework : addressing the functional dynamics in the integration of foreign and interior policies at the EU level -- The construction of an EU insider/outsider distinction -- The institutional and substantive dynamics of cross-pillarization -- Authority delegation to supranational actors : primary capabilities -- Authority delegation in between treaty reforms : the secondary capabilities of supranational actors -- Substantive cross-pillar linkages in foreign and interior affairs : the cases of EU Middle East and migration policies -- Policy-making in cross-pillar settings : actor preferences and policy-making dynamics -- The divergent policy preferences of supranational actors in foreign and interior policies : tackling the myth of supranational unity -- Patterns of policy-making in EU foreign and interior policies : executive dominance and co-ordination problems. | |
| 610 | 2 | 0 |
_aEuropean Union. _911721 |
| 650 | 0 |
_aSovereignty. _911722 |
|
| 650 | 0 |
_aCentral-local government relations _zEuropean Union countries. _911723 |
|
| 856 | 4 | 1 |
_3Table of contents only _uhttp://www.loc.gov/catdir/toc/ecip0616/2006020390.html |
| 856 | 4 | 2 |
_3Publisher description _uhttp://www.loc.gov/catdir/enhancements/fy0731/2006020390-d.html |
| 942 |
_2ddc _cBB |
||
| 999 |
_c13471 _d13471 |
||